[Event "ECC"]
[Site "Rethymnon GRE"]
[Date "2003.10.01"]
[Round "4"]
[White "Solakoglu,O"]
[Black "Petsetidi,M"]
[Result "1/2-1/2"]
[WhiteElo "2084"]
[BlackElo "2011"]
[EventDate "2003.09.28"]

1. e4 d5 2. exd5 Qxd5 3. Nc3 Qa5 4. d4 c6 5. Nf3 Nf6 6. h3 Bf5 7. Bd3 Bxd3
8. Qxd3 e6 9. O-O Bd6 10. Bd2 Qh5 11. Ne2 h6 12. Bf4 Be7 13. Be5 Qf5 14.
Qxf5 exf5 15. Ng3 g6 16. Rfe1 Kf8 17. c4 Nbd7 18. Rad1 Nb6 19. b3 Rd8 20.
a4 Rg8 21. Bf4 Rh8 22. Bc7 Rd7 23. Bb8 Nc8 24. Ne5 Rd8 25. Bc7 Re8 26. a5
Bb4 27. Re2 a6 28. d5 cxd5 29. cxd5 Bd6 30. Bxd6+ Nxd6 31. Nc4 Rxe2 32.
Nxe2 Ke7 33. Nc3 Nde4 34. Re1 Kd7 35. Nxe4 Nxe4 36. Ne5+ Kc7 37. Nxf7 Rf8
38. Rc1+ Kd7 39. Ne5+ Kd6 40. Nxg6 Rg8 41. Nf4 Ke5 42. Nd3+ Kxd5 43. Rc7
Nd6 44. b4 Rc8 45. Rxc8 Nxc8 46. Kf1 Kc4 47. Ke2 h5 48. Ke3 Nd6 49. g3 Ne8
50. f3 Nf6 51. Kd2 Nd5 52. g4 fxg4 53. fxg4 hxg4 54. hxg4 Nf6 55. Nf2 Nxg4
56. Nxg4 Kxb4 57. Ne5 Kxa5 58. Kc3 b5 59. Kb3 Kb6 60. Nd7+ Kc7 61. Nf6 a5
62. Nd5+ Kc6 63. Nc3 1/2-1/2

[Event "ECC"]
[Site "Rethymnon GRE"]
[Date "2003.10.01"]
[Round "4"]
[White "Alexakis,D"]
[Black "Akman,O"]
[Result "1/2-1/2"]
[WhiteElo "2233"]
[BlackElo "2013"]
[EventDate "2003.09.28"]

1. e4 c6 2. d4 d5 3. Nd2 dxe4 4. Nxe4 Nd7 5. Nf3 Ngf6 6. Ng3 e6 7. Bd3 c5
8. O-O Be7 9. c3 O-O 10. Qe2 Qc7 11. Ne4 b6 12. Bg5 Bb7 13. Bh4 Nxe4 14.
Bxe7 Rfe8 15. Bxe4 Rxe7 16. Rad1 Bxe4 17. Qxe4 Rd8 18. Rd2 Nf6 19. Qe2 cxd4
20. Nxd4 Red7 21. Rfd1 g6 22. g3 Kg7 23. Nf3 Rxd2 24. Rxd2 Rxd2 25. Qxd2
Qc4 26. b3 Qe4 27. Nd4 Qb1+ 28. Kg2 Qe4+ 29. Kg1 Qb1+ 30. Kg2 Qe4+ 31. Kg1
Qb1+ 1/2-1/2

[Event "ECC"]
[Site "Rethymnon GRE"]
[Date "2003.10.02"]
[Round "5"]
[White "Fedorov,Alex"]
[Black "Ivanov,O UKR"]
[Result "1/2-1/2"]
[WhiteElo "2595"]
[BlackElo "2457"]
[EventDate "2003.09.28"]

1. e4 c6 2. d4 d5 3. e5 Bf5 4. Nc3 e6 5. g4 Bg6 6. Nge2 Be7 7. Be3 Bg5 8.
f4 Bh4+ 9. Kd2 f6 10. exf6 Bxf6 11. Bh3 Qd7 12. Qf1 h5 13. gxh5 Rxh5 14.
Ng3 Rh8 15. Re1 Bf5 16. Bxf5 exf5 17. Bf2+ Ne7 18. Qd3 Kd8 19. Nge2 1/2-1/2

[Event "ECC"]
[Site "Rethymnon GRE"]
[Date "2003.10.02"]
[Round "5"]
[White "Kuzubov,Y"]
[Black "Palac,M"]
[Result "1/2-1/2"]
[WhiteElo "2400"]
[BlackElo "2561"]
[EventDate "2003.09.28"]

1. d4 Nf6 2. c4 e6 3. Nc3 Bb4 4. e3 O-O 5. Bd3 d5 6. Nf3 c5 7. O-O dxc4 8.
Bxc4 Nbd7 9. Qe2 b6 10. a3 cxd4 11. exd4 Bxc3 1/2-1/2

[Event "ECC"]
[Site "Rethymnon GRE"]
[Date "2003.10.02"]
[Round "5"]
[White "Joachim,S"]
[Black "Stohl,I"]
[Result "1/2-1/2"]
[WhiteElo "2438"]
[BlackElo "2556"]
[EventDate "2003.09.28"]

1. e4 c6 2. c4 d5 3. exd5 cxd5 4. cxd5 Nf6 5. Nc3 Nxd5 6. Nf3 Nc6 7. Bb5
Nxc3 8. bxc3 Bd7 9. O-O e6 10. d4 Be7 11. Bd3 O-O 12. Qc2 g6 13. Bh6 Re8
14. Rfe1 Bf6 15. Qd2 e5 16. Be4 exd4 17. cxd4 Rc8 18. Rad1 Bg4 19. Bxc6
Rxe1+ 20. Rxe1 bxc6 21. Ne5 Be6 22. Qf4 Bg7 23. Bxg7 Kxg7 24. Ng4 Bxg4 25.
Qxg4 Rb8 26. a3 Qd6 27. Qe4 Rb3 28. g3 Rxa3 29. Rc1 Ra4 30. Qe5+ Qxe5 31.
dxe5 Ra6 32. Rd1 c5 33. Rd7 Rc6 34. Rxa7 c4 35. e6 Rxe6 36. Rc7 Re4 37. Kf1
Kf6 38. f3 Re3 39. Rxc4 Rxf3+ 40. Kg2 Ra3 41. h4 h5 42. Kf2 Ra6 43. Rc5 Re6
44. Kf3 Re5 45. Rc6+ Kf5 46. Rc4 f6 47. Ra4 Rb5 48. Rc4 Rb3+ 49. Kf2 Rd3
50. Ra4 Ke5 51. Kg2 Rd4 52. Ra6 Kf5 53. Kh3 Rd2 54. Ra4 Ke5 55. Rb4 g5 56.
hxg5 fxg5 57. Rb5+ Rd5 58. Rb4 Kf5 59. g4+ hxg4+ 60. Rxg4 Rd3+ 61. Rg3 g4+
62. Kg2 1/2-1/2

[Event "ECC"]
[Site "Rethymnon GRE"]
[Date "2003.10.02"]
[Round "5"]
[White "Goloshchapov,A"]
[Black "Shirov,A"]
[Result "0-1"]
[WhiteElo "2574"]
[BlackElo "2732"]
[EventDate "2003.09.28"]

1. e4 e5 2. Nf3 Nc6 3. Bb5 a6 4. Ba4 Nf6 5. O-O Be7 6. Re1 b5 7. Bb3 O-O 8.
c3 d6 9. h3 Na5 10. Bc2 c5 11. d4 Qc7 12. Nbd2 cxd4 13. cxd4 Nc6 14. Nb3 a5
15. Be3 a4 16. Nbd2 Bd7 17. Rc1 Qb7 18. Qe2 Rfe8 19. Bd3 Rab8 20. a3 exd4
21. Nxd4 Ne5 22. Bb1 b4 23. axb4 Qxb4 24. Rc2 d5 25. f4 Ng6 26. e5 Nxf4 27.
Qf1 N6h5 28. Rc7 Bc5 29. Rxc5 Qxc5 30. Ne6 Qb5 31. Nxf4 Qxf1+ 32. Nxf1 Nxf4
33. Bxf4 Rxb2 34. Ne3 Be6 35. Bd3 a3 36. Ra1 Rb4 37. g3 Rb3 38. Bb1 Reb8
39. Ba2 Rd3 40. h4 Rb2 41. Nd1 Rxd1+ 42. Rxd1 Rxa2 43. Be3 Rc2 44. Rc1 a2
0-1

[Event "ECC"]
[Site "Rethymnon GRE"]
[Date "2003.10.02"]
[Round "5"]
[White "Paehtz,T sr"]
[Black "Kasimdzhanov,R"]
[Result "1/2-1/2"]
[WhiteElo "2441"]
[BlackElo "2664"]
[EventDate "2003.09.28"]

1. e4 e5 2. Nf3 Nc6 3. Bb5 a6 4. Ba4 Nf6 5. O-O Be7 6. Re1 b5 7. Bb3 O-O 8.
a4 b4 9. d3 d6 10. a5 Be6 11. Nbd2 Qc8 12. Nc4 Rb8 13. Bg5 h6 14. Bh4 Bg4
15. Ne3 Bxf3 16. Qxf3 Nd4 17. Qd1 Nxb3 18. cxb3 Nd5 19. Nxd5 Bxh4 20. d4
exd4 21. Qxd4 Bd8 22. Re3 c5 23. Qc4 Rb5 24. e5 dxe5 25. Rxe5 Kh8 26. Rae1
Qc6 27. h3 Rxa5 28. Nxb4 Qb5 29. Nd3 Bf6 30. Rxc5 Qxc4 31. bxc4 Rxc5 32.
Nxc5 Rc8 33. Nxa6 1/2-1/2

[Event "ECC"]
[Site "Rethymnon GRE"]
[Date "2003.10.02"]
[Round "5"]
[White "Sonntag,HH"]
[Black "Kozul,Z"]
[Result "1/2-1/2"]
[WhiteElo "2380"]
[BlackElo "2596"]
[EventDate "2003.09.28"]

1. d4 g6 2. c4 Bg7 3. Nc3 d6 4. e4 Nf6 5. f3 O-O 6. Be3 e5 7. Nge2 c6 8.
Qd2 Nbd7 9. d5 cxd5 10. cxd5 a6 11. g4 b5 12. Ng3 Nb6 13. Bh6 Bxh6 14. Qxh6
Kh8 15. h4 Ng8 16. Qd2 Bd7 17. Be2 Rc8 18. h5 Qf6 19. Qe3 Rc5 20. Bd3 Qf4
21. Nf1 Kg7 22. Ne2 Qxe3 23. Nxe3 f6 24. hxg6 hxg6 25. Kd2 Nh6 26. Rac1 Nf7
27. b4 Rcc8 28. Rxc8 Rxc8 29. Nc3 Ng5 30. Be2 Kf7 31. a3 Ra8 32. Nc2 Kg7
33. Ne3 Rc8 34. Rh2 Nc4+ 35. Nxc4 Rxc4 36. Rh1 Rc8 37. Bd1 Kf7 38. Be2 Ke7
39. Rh6 Rg8 40. Rh1 Kd8 41. Kc2 Kc7 42. Kb3 Kb7 43. Rh6 Be8 44. Kc2 Kc7 45.
Kb3 Bf7 46. Kc2 Kd7 47. Rh1 Rb8 48. Kd2 Ke7 49. Ke3 Be8 50. Kd2 Bd7 51. Rh6
Kf7 52. Rh1 Kg7 53. Bd1 Rc8 54. Be2 f5 55. gxf5 gxf5 56. exf5 Bxf5 57. a4
bxa4 58. Ra1 Bd7 59. Nxa4 Bb5 60. Ra3 Rf8 61. Nc3 Bxe2 62. Nxe2 Rxf3 63.
Rxa6 Ne4+ 64. Kc2 Kf6 65. Rc6 Ke7 66. b5 Rf2 67. Kd3 Nc5+ 68. Ke3 Rf1 69.
Nc3 Rf4 70. b6 Rb4 71. Rc7+ Kf6 72. Rc6 Ke7 73. Rc7+ Kf6 1/2-1/2

[Event "ECC"]
[Site "Rethymnon GRE"]
[Date "2003.10.02"]
[Round "5"]
[White "Tkachiev,V"]
[Black "Karttunen,M"]
[Result "1-0"]
[WhiteElo "2654"]
[BlackElo "2381"]
[EventDate "2003.09.28"]

1. d4 d5 2. c4 c6 3. Nf3 Nf6 4. e3 a6 5. Bd3 Bg4 6. Nbd2 Nbd7 7. Qc2 e6 8.
b3 Bh5 9. Bb2 Bg6 10. Bxg6 hxg6 11. Rd1 Rc8 12. O-O Bd6 13. g3 Qc7 14. Rfe1
O-O 15. e4 dxe4 16. Nxe4 Be7 17. Neg5 Nh7 18. h4 Qa5 19. Nxh7 Kxh7 20. d5
cxd5 21. h5 Kg8 22. hxg6 Nc5 23. cxd5 Qxa2 24. Ne5 f5 25. Qe2 Ne4 26. Nf7
Rxf7 27. Qh5 Ng5 28. gxf7+ Nxf7 29. dxe6 Ng5 30. Bc1 1-0

[Event "ECC"]
[Site "Rethymnon GRE"]
[Date "2003.10.02"]
[Round "5"]
[White "Stojanovski,D"]
[Black "Hamalainen,S"]
[Result "1-0"]
[WhiteElo "2440"]
[BlackElo "2189"]
[EventDate "2003.09.28"]

1. e4 e5 2. Nf3 Nc6 3. d4 exd4 4. Nxd4 Qf6 5. Be3 Bc5 6. c3 Nge7 7. Bc4 Qg6
8. O-O O-O 9. Nd2 Bxd4 10. Bxd4 Nxd4 11. cxd4 d5 12. exd5 b5 13. Bxb5 Rb8
14. Be2 Rxb2 15. Nc4 Rb4 16. Ne3 Qf6 17. Qc2 Qxd4 18. Qxc7 Nxd5 19. Nxd5
Qxd5 20. Qxa7 Bg4 21. Rfd1 Qc6 22. Rac1 Qg6 23. Bxg4 Qxg4 24. Qe7 g6 25. h3
Qf4 26. Rc3 Re4 27. Qc7 Qf5 28. Rf3 Qe6 29. Rd8 Rxd8 30. Qxd8+ Kg7 31. Qd2
Qe5 32. Re3 Qa1+ 33. Kh2 Ra4 34. Re2 Qf1 35. Qc3+ Kh6 36. Qe3+ Kg7 37. Qe5+
Kh6 38. Rd2 Qc4 39. a3 Qb3 40. Qf6 Rxa3 41. Rd4 Ra4 42. Qh4+ 1-0

[Event "ECC"]
[Site "Rethymnon GRE"]
[Date "2003.10.02"]
[Round "5"]
[White "Brynell,S"]
[Black "Berndt,S"]
[Result "1-0"]
[WhiteElo "2511"]
[BlackElo "2462"]
[EventDate "2003.09.28"]

1. d4 Nf6 2. c4 g6 3. g3 Bg7 4. Bg2 d5 5. cxd5 Nxd5 6. e4 Nb6 7. Ne2 O-O 8.
O-O e5 9. d5 c6 10. Nbc3 cxd5 11. exd5 Na6 12. b3 Bf5 13. a4 Qd7 14. Ba3
Rfd8 15. Rc1 Bh3 16. Bxh3 Qxh3 17. a5 Nd7 18. Ne4 h6 19. Rc4 Nf6 20. Nxf6+
Bxf6 21. Nc3 Bg7 22. d6 Qe6 23. Qd5 Qxd5 24. Nxd5 Bf8 25. Ne7+ Kh7 26. Rfc1
b6 27. Nc6 b5 28. Nxd8 bxc4 29. Nxf7 cxb3 30. Rb1 Kg8 31. Nxe5 Rd8 32. Nc6
Rd7 33. Rxb3 1-0

[Event "ECC"]
[Site "Rethymnon GRE"]
[Date "2003.10.02"]
[Round "5"]
[White "Thiede,L"]
[Black "Schneider,S"]
[Result "1-0"]
[WhiteElo "2440"]
[BlackElo "2319"]
[EventDate "2003.09.28"]

1. g3 d5 2. Bg2 c6 3. Nf3 Nf6 4. b3 Bf5 5. Bb2 e6 6. O-O Nbd7 7. d3 a5 8.
a4 Be7 9. e3 h6 10. Qe2 O-O 11. Nc3 Bh7 12. e4 dxe4 13. dxe4 Nc5 14. Ne5
Qc7 15. f4 Na6 16. Kh1 Nd7 17. Ng4 Nf6 18. f5 e5 19. Nf2 Rfd8 20. Bf3 Kh8
21. Rg1 Qb6 22. Rg2 Nb4 23. h4 Qa6 24. Qxa6 Rxa6 25. Nfd1 Bc5 26. g4 Nd7
27. g5 Bg8 28. Bc1 Kh7 29. Ne3 Bd4 30. Bd2 f6 31. gxh6 gxh6 32. Bh5 Raa8
33. Rf1 Bxc3 34. Bxc3 Nc5 35. Bf3 Bf7 36. Ng4 Rd6 37. Nxe5 Bg8 38. Rfg1 Re8
39. Rg7+ Kh8 40. Rxg8+ Rxg8 41. Nf7+ 1-0

[Event "ECC"]
[Site "Rethymnon GRE"]
[Date "2003.10.02"]
[Round "5"]
[White "Carlsson,D"]
[Black "Wendt,J"]
[Result "1/2-1/2"]
[WhiteElo "2301"]
[BlackElo "2291"]
[EventDate "2003.09.28"]

1. e4 c5 2. Nf3 Nc6 3. d4 cxd4 4. Nxd4 Nf6 5. Nc3 e5 6. Ndb5 d6 7. Bg5 a6
8. Na3 b5 9. Nd5 Be7 10. Bxf6 Bxf6 11. c3 Bg5 12. Nc2 O-O 13. h4 Bh6 14. a4
bxa4 15. Rxa4 a5 16. Nce3 Bxe3 17. Nxe3 Rb8 18. b3 Ne7 19. Bc4 Kh8 20. Nd5
Bd7 21. Ra3 Nxd5 22. Bxd5 f5 23. Qd2 fxe4 24. h5 h6 25. Bxe4 Be6 26. Bd5
Bxd5 27. Qxd5 Rc8 28. O-O Rc5 29. Qd3 d5 30. Rd1 Qf6 31. Ra2 d4 32. cxd4
exd4 33. Qxd4 Rxh5 34. Qxf6 Rxf6 35. Rd8+ Kh7 36. Ra8 Rd6 37. g4 Rb5
1/2-1/2

[Event "ECC"]
[Site "Rethymnon GRE"]
[Date "2003.10.02"]
[Round "5"]
[White "Tregubov,P"]
[Black "Christensen,To"]
[Result "1/2-1/2"]
[WhiteElo "2635"]
[BlackElo "2371"]
[EventDate "2003.09.28"]

1. d4 d6 2. Nf3 g6 3. c4 Bg7 4. Nc3 Nd7 5. g3 e5 6. Bg2 Ne7 7. O-O O-O 8.
dxe5 dxe5 9. e4 Nc5 10. Bg5 Bd7 11. Qd2 Qe8 12. Be3 Ne6 13. Rfd1 Rd8 14.
Nd5 Nc6 15. Ng5 Bc8 16. Qe1 Ncd4 17. Nxe6 Qxe6 18. Bxd4 exd4 19. Nxc7 Qxc4
20. Nd5 Be6 21. b3 Qa6 22. Nb4 Qa5 23. Nd3 Qxe1+ 24. Rxe1 Rc8 25. e5 Rc3
26. Rad1 Bf5 27. Nb4 Rd8 28. Nd5 Rd3 29. Rxd3 Bxd3 30. Rd1 Bf5 31. Rxd4 Kf8
32. f4 Be6 33. Kf2 Bxd5 34. Rxd5 Rxd5 35. Bxd5 b6 36. Ke3 f6 37. Ke4 fxe5
38. fxe5 Bh6 39. Bc4 Bd2 40. Kd5 Ke7 41. Kc6 Be3 42. Ba6 Ke6 43. Kb7 Kxe5
44. Kxa7 b5+ 45. Kb7 1/2-1/2

[Event "ECC"]
[Site "Rethymnon GRE"]
[Date "2003.10.02"]
[Round "5"]
[White "Boe,M"]
[Black "Bauer,Ch"]
[Result "0-1"]
[WhiteElo "2366"]
[BlackElo "2589"]
[EventDate "2003.09.28"]

1. e4 Nf6 2. Nc3 d5 3. e5 Nfd7 4. Nxd5 Nxe5 5. Ne3 Nec6 6. Bc4 g6 7. h4 Bg7
8. h5 Nd7 9. Nf3 Nde5 10. Nxe5 Nxe5 11. Bb3 Qd4 12. h6 Bf6 13. Qe2 O-O 14.
c3 Nd3+ 15. Kf1 Qd6 16. Bc4 Ne5 17. d4 Nxc4 18. Nxc4 Qd5 19. Bf4 c5 20.
dxc5 Be6 21. Ne3 Qxc5 22. Kg1 Rfd8 23. Kh2 Bg5 24. Bxg5 Qxg5 25. Kg1 Rd7
26. Rd1 Rad8 27. Rxd7 Rxd7 28. b3 Qe5 29. Qc2 f5 30. Nf1 f4 31. c4 Bf5 32.
Qc1 g5 33. Nd2 Bg4 34. Nf3 Bxf3 35. gxf3 Rd3 36. Rh5 Kf7 37. Qc2 Qf5 38.
Qe2 Kg6 39. Rh1 e5 40. Kh2 Kxh6 41. Re1 Kg6 42. Rd1 Rxd1 43. Qxd1 e4 44.
fxe4 Qxe4 45. f3 Qe5 46. Qd3+ Qf5 47. Qe2 Kf7 48. b4 h5 49. c5 g4 50. Qc4+
Ke7 51. b5 g3+ 52. Kg2 h4 0-1

[Event "ECC"]
[Site "Rethymnon GRE"]
[Date "2003.10.02"]
[Round "5"]
[White "Relange,E"]
[Black "Jelling,E"]
[Result "1-0"]
[WhiteElo "2513"]
[BlackElo "2400"]
[EventDate "2003.09.28"]

1. e4 c6 2. d4 d5 3. exd5 cxd5 4. c4 Nf6 5. Nc3 e6 6. cxd5 Nxd5 7. Nf3 Be7
8. Bc4 Nf6 9. O-O O-O 10. Re1 Nbd7 11. Bg5 Nd5 12. h4 Nxc3 13. bxc3 h6 14.
Bd2 Bxh4 15. Nxh4 Qxh4 16. Re3 e5 17. Rh3 Qf6 18. Qh5 e4 19. Rg3 Kh7 20.
Bd5 Nb6 21. Bxe4+ Kh8 22. Rf3 Qe6 23. Re1 Qg4 24. Rxf7 Rxf7 25. Qxf7 Be6
26. Qxb7 Bxa2 27. Bf3 Qf5 28. Re7 Rf8 29. Be3 Qb1+ 30. Kh2 Qg6 31. Qe4 Qf6
32. Rxa7 Bd5 33. Qg4 Bxf3 34. Qxf3 Qxf3 35. gxf3 Rxf3 36. Rc7 Nd5 37. Rc8+
Kh7 38. Kg2 Rf7 39. c4 Nf6 40. d5 Kg6 41. Bd4 Rd7 42. Bxf6 gxf6 43. Kf3 Kf5
44. Rh8 Ra7 45. Rxh6 Ra3+ 46. Ke2 Rc3 47. Rh5+ Kg4 48. d6 Rxc4 49. Rd5 Rc8
50. d7 Rd8 51. Ke3 f5 52. Rd6 Kg5 53. f3 1-0

[Event "ECC"]
[Site "Rethymnon GRE"]
[Date "2003.10.02"]
[Round "5"]
[White "Ochsner,T"]
[Black "Degraeve,JM"]
[Result "0-1"]
[WhiteElo "2362"]
[BlackElo "2541"]
[EventDate "2003.09.28"]

1. e4 c5 2. Nf3 e6 3. c3 d5 4. exd5 Qxd5 5. d4 Nf6 6. Be3 cxd4 7. cxd4 Bb4+
8. Nc3 O-O 9. Bd3 b6 10. O-O Bxc3 11. bxc3 Ba6 12. Bxa6 Nxa6 13. Ne5 Rac8
14. c4 Qb7 15. Qf3 Nb8 16. Rfd1 Nc6 17. Nxc6 Qxc6 18. Rac1 h6 19. d5 exd5
20. cxd5 Qd6 21. Rxc8 Rxc8 22. h3 Rd8 23. Qf5 Qd7 24. Qxd7 Rxd7 25. d6 Ne4
26. Bf4 f6 27. g4 Kf7 28. Kg2 Rd8 29. Rc1 Nc5 30. Kf3 g5 31. Bg3 Re8 32.
Rd1 Ke6 33. h4 Kd7 34. hxg5 fxg5 35. Rc1 Re6 36. Rc2 Re1 37. Kg2 Re4 38. f3
Ra4 39. Be5 Ne6 40. Kg3 Ra5 41. Re2 Rd5 42. Bh8 Rxd6 43. Rh2 Nd8 44. Be5
Re6 45. Rd2+ Kc8 46. Bg7 Rg6 47. Bf8 Ne6 48. Bd6 Kb7 49. Be5 Nc5 50. Rd8 a5
51. f4 gxf4+ 52. Bxf4 Ne6 53. Rd7+ Kc6 54. Rd6+ Kc5 55. Rd1 Nxf4 56. Kxf4
b5 57. Kf5 Rg5+ 58. Kf4 b4 59. Rc1+ Kb5 60. Rc8 Rc5 61. Rb8+ Ka4 62. Rb6
Rc2 0-1

[Event "ECC"]
[Site "Rethymnon GRE"]
[Date "2003.10.02"]
[Round "5"]
[White "Apicella,M"]
[Black "Pedersen,F"]
[Result "1-0"]
[WhiteElo "2522"]
[BlackElo "2282"]
[EventDate "2003.09.28"]

1. e4 c6 2. d4 d5 3. e5 Na6 4. Nc3 Qb6 5. a3 Bf5 6. Nf3 e6 7. Be2 Ne7 8.
O-O Bg4 9. b4 Bxf3 10. Bxf3 Nf5 11. Ne2 Nh4 12. Bg4 h5 13. Bh3 Be7 14. Nf4
g6 15. c3 Nc7 16. g3 Nf5 17. Bxf5 gxf5 18. Nxh5 a5 19. Nf4 axb4 20. cxb4
Kd7 21. Bb2 Ra6 22. Nd3 Nb5 23. Nc5+ Bxc5 24. dxc5 Qd8 25. a4 Nc7 26. f4
Rh3 27. Rf2 Ra8 28. Bd4 Qh8 29. Rg2 Qg8 30. Kf1 Ke7 31. Raa2 Kd7 32. Rgb2
Rh8 33. Qe2 Qh7 34. b5 Qh3+ 35. Ke1 Rhb8 36. bxc6+ bxc6 37. Rb6 Rc8 38. Bg1
Ra5 39. Qb2 Ra6 40. Rxa6 Nxa6 41. Qb7+ Nc7 42. Rb2 Ra8 43. Qb3 Ra6 44. Qc2
Qh5 45. Kf2 Qh3 46. Rb8 Ra5 47. Ke1 Ra7 48. Kf2 Ra5 49. Rb7 Kc8 50. Qb3
Rxc5 51. Qb6 Rc2+ 52. Ke1 Re2+ 53. Kxe2 Qg2+ 54. Bf2 Qe4+ 55. Kd2 1-0

[Event "ECC"]
[Site "Rethymnon GRE"]
[Date "2003.10.02"]
[Round "5"]
[White "Horvath,Cs1"]
[Black "Goossens,E"]
[Result "1-0"]
[WhiteElo "2513"]
[BlackElo "2234"]
[EventDate "2003.09.28"]

1. d4 Nf6 2. c4 g6 3. Nc3 Bg7 4. e4 d6 5. Be2 O-O 6. Bg5 Na6 7. Qd2 e5 8.
d5 c6 9. f3 cxd5 10. cxd5 Bd7 11. g4 h6 12. Be3 h5 13. h3 Qa5 14. a3 Rfc8
15. Rb1 Qd8 16. h4 Nh7 17. Nb5 Bxb5 18. Bxb5 Nc7 19. Ba4 f5 20. gxf5 gxf5
21. exf5 e4 22. Rh2 Qxh4+ 23. Bf2 Qe7 24. Kf1 exf3 25. Re1 Qf7 26. Nxf3 Rf8
27. Bh4 b5 28. Bb3 Rae8 29. Re6 Nf6 30. Qd3 Nd7 31. Rf2 Ne5 32. Qe2 Re7 33.
Rg6 1-0

[Event "ECC"]
[Site "Rethymnon GRE"]
[Date "2003.10.02"]
[Round "5"]
[White "Dal Borgo,A"]
[Black "Groszpeter,A"]
[Result "0-1"]
[WhiteElo "2224"]
[BlackElo "2502"]
[EventDate "2003.09.28"]

1. d4 d5 2. Nf3 Nf6 3. c4 e6 4. Nc3 c5 5. cxd5 Nxd5 6. e4 Nxc3 7. bxc3 cxd4
8. cxd4 Nc6 9. Bc4 Bb4+ 10. Bd2 Bxd2+ 11. Qxd2 O-O 12. O-O Qd6 13. Rfd1 Rd8
14. e5 Qe7 15. Qf4 h6 16. d5 exd5 17. Bxd5 Be6 18. Bxe6 Qxe6 19. a4 Rxd1+
20. Rxd1 Qb3 21. Re1 Rd8 22. h4 Qe6 23. h5 Rd5 24. g4 Qd7 25. Kg2 Nd4 26.
Re4 Ne6 27. Qf5 b6 28. g5 Nxg5 29. Qxd7 Rxd7 30. Nxg5 hxg5 31. e6 fxe6 32.
Rxe6 Rd5 33. Kg3 Kh7 34. Re4 Rf5 35. Re7 Ra5 36. Re4 g6 37. hxg6+ Kxg6 38.
f4 Kf5 39. Rb4 gxf4+ 40. Rxf4+ Ke6 41. Rh4 Rf5 42. Rh7 Rf7 43. Rh5 Kd6 44.
a5 Kc6 45. axb6 axb6 46. Rh6+ Kc5 47. Rh1 b5 48. Rc1+ Kd4 49. Rb1 Kc4 50.
Rc1+ Kd3 51. Rb1 Rb7 52. Kf2 b4 53. Ke1 Kc2 0-1

[Event "ECC"]
[Site "Rethymnon GRE"]
[Date "2003.10.02"]
[Round "5"]
[White "Acs,P"]
[Black "Jeremic,V"]
[Result "1/2-1/2"]
[WhiteElo "2606"]
[BlackElo "2467"]
[EventDate "2003.09.28"]

1. e4 e6 2. d4 d5 3. Nc3 dxe4 4. Nxe4 Nd7 5. Nf3 Ngf6 6. Nxf6+ Nxf6 7. Bg5
h6 8. Bh4 c5 9. Ne5 a6 10. dxc5 Qa5+ 11. c3 Qxc5 12. Qe2 Be7 13. O-O-O O-O
14. f4 b5 15. Kb1 Bb7 16. Bf2 Qc7 17. Rg1 Rad8 18. Rc1 Bc5 19. g3 Ne4 20.
Bd4 Qb6 21. Bg2 Bxd4 22. cxd4 Rxd4 23. Rgd1 Bd5 24. Nd7 Qa5 25. b3 Nc3+ 26.
Rxc3 Qxc3 27. Rxd4 Qxd4 28. Nxf8 Qg1+ 29. Kc2 Bxg2 30. Nxe6 Bf1 31. Qe5
Qxh2+ 32. Kc1 fxe6 33. Qxe6+ Kh8 34. Qe8+ Kh7 35. Qe4+ Kg8 36. Qe8+ 1/2-1/2

[Event "ECC"]
[Site "Rethymnon GRE"]
[Date "2003.10.02"]
[Round "5"]
[White "Scekic,M"]
[Black "Cyborowski,L"]
[Result "0-1"]
[WhiteElo "2434"]
[BlackElo "2550"]
[EventDate "2003.09.28"]

1. d4 Nf6 2. c4 g6 3. f3 Bg7 4. e4 O-O 5. Nc3 c6 6. Be3 d5 7. e5 Nfd7 8.
cxd5 Nb6 9. dxc6 Nxc6 10. Bb5 Nb4 11. a3 N4d5 12. Bf2 a6 13. Bd3 Nf4 14.
Bf1 Bf5 15. g3 Nfd5 16. Nge2 Nc4 17. Qc1 Rc8 18. Bg2 Na5 19. Qd1 Nc4 20.
Qc1 Bd3 21. f4 Nxc3 22. Nxc3 e6 23. b3 Na5 24. Qb2 Qb6 25. Rd1 Bf5 26. b4
Nc4 27. Qa1 a5 28. b5 Bc2 29. Rc1 Bd3 30. Qa2 a4 31. Rd1 Bf5 32. O-O Ne3
33. Ne4 Qxb5 34. Bxe3 Rc2 35. Qb1 Qa5 36. Rc1 Rcc8 37. Qxb7 Rb8 0-1

[Event "ECC"]
[Site "Rethymnon GRE"]
[Date "2003.10.02"]
[Round "5"]
[White "Miton,K"]
[Black "Benderac,S"]
[Result "1-0"]
[WhiteElo "2546"]
[BlackElo "2345"]
[EventDate "2003.09.28"]

1. e4 c5 2. Nc3 d6 3. f4 Nc6 4. Bb5 Bd7 5. Nf3 a6 6. Bxc6 Bxc6 7. O-O e6 8.
d3 Be7 9. Qe1 Nf6 10. e5 Nd5 11. Ne4 Qc7 12. a3 dxe5 13. fxe5 O-O-O 14.
Nfg5 Bxg5 15. Nxg5 Rd7 16. Qf2 f6 17. Nxe6 Qxe5 18. Nxc5 Re7 19. c4 Ne3 20.
Bxe3 Qxe3 21. Rfe1 Qxf2+ 22. Kxf2 Rhe8 23. Rxe7 Rxe7 24. d4 a5 25. d5 Be8
26. Re1 Rxe1 27. Kxe1 Bf7 28. Kd2 b6 29. Ne4 Kc7 30. Ke3 a4 31. Kd4 Bg6 32.
Nc3 Bc2 33. Nb5+ Kd7 34. Kc3 Ke7 35. g3 Bf5 36. Kd4 Bc2 37. Nc3 Kd6 38.
Ne4+ Kd7 39. d6 Ke6 40. d7 Kxd7 41. Nxf6+ Kc6 42. Kc3 Bg6 43. Kb4 Bd3 44.
Kxa4 Bxc4 45. Kb4 Bd3 46. Kc3 Bg6 47. Kd4 Kb5 48. Nd5 1-0

[Event "ECC"]
[Site "Rethymnon GRE"]
[Date "2003.10.02"]
[Round "5"]
[White "Batinic,P"]
[Black "Grabarczyk,M"]
[Result "1-0"]
[WhiteElo "2191"]
[BlackElo "2508"]
[EventDate "2003.09.28"]

1. Nf3 Nf6 2. g3 d5 3. Bg2 c6 4. O-O Bg4 5. d3 Nbd7 6. Nbd2 e5 7. c4 Bd6 8.
cxd5 cxd5 9. e4 O-O 10. h3 Bh5 11. exd5 Nxd5 12. d4 exd4 13. Nc4 Bc5 14. g4
Bg6 15. Nxd4 Nb4 16. Nf5 Bxf5 17. gxf5 Qc7 18. Bg5 f6 19. a3 Nc6 20. Bh4
Rad8 21. Rc1 Nb6 22. Qh5 Nxc4 23. Rxc4 Bb6 24. Rd1 Qe5 25. Rxd8 Qe1+ 26.
Kh2 Bxd8 27. Bd5+ Kh8 28. Re4 Bc7+ 29. Kg2 Qa5 30. Qf7 Qc5 31. Re8 Qxd5+
32. Qxd5 Rxe8 33. Qf7 1-0

[Event "ECC"]
[Site "Rethymnon GRE"]
[Date "2003.10.02"]
[Round "5"]
[White "Azarov,S"]
[Black "Gretarsson,H"]
[Result "1-0"]
[WhiteElo "2530"]
[BlackElo "2513"]
[EventDate "2003.09.28"]

1. e4 d6 2. d4 Nf6 3. Nc3 g6 4. Nf3 Bg7 5. Be2 O-O 6. O-O e6 7. e5 dxe5 8.
dxe5 Qxd1 9. Rxd1 Nfd7 10. Bf4 Nc6 11. Nb5 a6 12. Nxc7 Ra7 13. a4 b6 14.
Nxa6 g5 15. Bxg5 Ndxe5 16. Nxe5 Bxe5 17. Bb5 Bxa6 18. Bxc6 Rc7 19. Be4 f5
20. Bd3 Bxd3 21. cxd3 Bxb2 22. Rab1 Rc2 23. Re1 e5 24. Kf1 f4 25. Re2 Rxe2
26. Kxe2 Bd4 27. Kf3 Kf7 28. Ke4 Ke6 29. Rc1 Kd6 30. f3 Rg8 31. h4 Bc5 32.
Rc2 Ra8 33. Rc4 Ke6 34. d4 exd4 35. Bxf4 Rd8 36. a5 d3 37. axb6 Bxb6 38.
Rc6+ Kf7 39. Rxb6 d2 40. Bxd2 Rxd2 41. g3 Ra2 42. Kf4 Kg7 43. g4 Ra4+ 44.
Kg3 Rc4 45. g5 1-0

[Event "ECC"]
[Site "Rethymnon GRE"]
[Date "2003.10.02"]
[Round "5"]
[White "Sigfusson,S"]
[Black "Zhigalko,A"]
[Result "0-1"]
[WhiteElo "2323"]
[BlackElo "2466"]
[EventDate "2003.09.28"]

1. e4 c5 2. Nf3 d6 3. d4 cxd4 4. Nxd4 Nf6 5. Nc3 a6 6. Bc4 e6 7. Bb3 Be7 8.
O-O O-O 9. f4 b5 10. Qf3 b4 11. Nce2 Bb7 12. Ng3 Nbd7 13. c3 bxc3 14. bxc3
Nc5 15. Bc2 Rc8 16. Qe2 g6 17. Rd1 Qc7 18. Bd2 e5 19. Nf3 exf4 20. Bxf4
Rfe8 21. Rab1 Rf8 22. Rb4 Nd5 23. Rxb7 Nxf4 24. Qd2 Qxb7 25. Qxf4 Ne6 26.
Qg4 Rxc3 27. Bb3 Rxb3 28. axb3 Qxb3 29. Rf1 Ng7 30. h4 h5 0-1

[Event "ECC"]
[Site "Rethymnon GRE"]
[Date "2003.10.02"]
[Round "5"]
[White "Bjornsson,S"]
[Black "Tihonov,J"]
[Result "1/2-1/2"]
[WhiteElo "2302"]
[BlackElo "2382"]
[EventDate "2003.09.28"]

1. e4 c5 2. Nc3 d6 3. f4 Nc6 4. Nf3 g6 5. Bc4 Bg7 6. O-O e6 7. d3 Nge7 8.
Qe1 h6 9. Bb3 a6 10. a4 b6 11. Be3 O-O 12. Rd1 d5 13. Bc1 Ra7 14. f5 exf5
15. Qh4 h5 16. Bg5 d4 17. Nd5 Be6 18. Nf6+ Kh8 19. Nxh5 gxh5 20. Qxh5+ Kg8
21. Bxe7 Qxe7 22. Ng5 Rd8 23. Qh7+ Kf8 24. Nxe6+ fxe6 25. Rxf5+ Ke8 26.
Qg6+ Kd7 27. Rf7 Kd6 28. Rxe7 Rxe7 29. Rf1 Ne5 30. Qg3 Rh8 31. Bc4 a5 32.
c3 Rh6 33. cxd4 cxd4 34. Bb5 Rg6 35. Qe1 Ng4 36. Qa1 Rc7 37. Rc1 Bh6 38.
e5+ Kxe5 39. Rxc7 Be3+ 40. Kh1 Nf2+ 1/2-1/2

[Event "ECC"]
[Site "Rethymnon GRE"]
[Date "2003.10.02"]
[Round "5"]
[White "Ferguson,M"]
[Black "Kouvatsos,F"]
[Result "1-0"]
[WhiteElo "2377"]
[BlackElo "2067"]
[EventDate "2003.09.28"]

1. d4 d5 2. Nf3 c6 3. c4 Nf6 4. e3 a6 5. Bd3 b5 6. cxd5 cxd5 7. a4 b4 8. h3
e6 9. Nbd2 Bd6 10. O-O Nbd7 11. a5 Bb7 12. Nb3 O-O 13. Bd2 Ne4 14. Qe2 Qb8
15. Rfc1 Qa7 16. Ne1 Rab8 17. Nc2 Nxd2 18. Nxd2 e5 19. dxe5 Bxe5 20. Rab1
Ba8 21. Nb3 f5 22. Ncd4 f4 23. Bxa6 Nf6 24. Bd3 Ne4 25. Bxe4 dxe4 26. Qc4+
Kh8 27. Qc5 Qxc5 28. Rxc5 Bd6 29. Rf5 f3 30. g3 Rfc8 31. Rc1 g6 32. Rxc8+
Rxc8 33. Rb5 Kg8 34. Kf1 Kf7 35. Ke1 Ke7 36. Kd2 Rc7 37. h4 Bb7 38. Rb6 Bd5
39. Rxd6 Kxd6 40. Nb5+ Kd7 41. Nxc7 Kxc7 42. Nc5 Kc6 43. Na6 Kb5 44. Nc7+
Kc6 45. Nxd5 1-0